| 000 | 00451nam a2200157 a 4500 | ||
|---|---|---|---|
| 001 | 000028536 | ||
| 005 | 20200930055009.0 | ||
| 008 | 110411s1993 dr 000 0 spa d | ||
| 040 |
_aDO-SdBNP _bspa _cBNPHU |
||
| 082 |
_axxxx _bP838s |
||
| 100 | 1 |
_aPorras Cardozo, Baltazar E. _955492 |
|
| 245 | 1 | 0 |
_aA los seminaristas / _cBaltazar E. Porras Cardozo. |
| 260 |
_aSanto Domingo : _bAmigo del hogar, _c1993. |
||
| 300 |
_a15 p. ; _c21 cm. |
||
| 049 | _aBNPD | ||
| 999 |
_c28028 _d28028 |
||